<?xml version="1.0" encoding="UTF-8"?>
<record
    xmlns:xsi="http://www.w3.org/2001/XMLSchema-instance"
    xsi:schemaLocation="http://www.loc.gov/MARC21/slim http://www.loc.gov/standards/marcxml/schema/MARC21slim.xsd"
    xmlns="http://www.loc.gov/MARC21/slim">

  <leader>00458nam a22001217a 4500</leader>
  <controlfield tag="008">230612b        xxu||||| |||| 00| 0 eng d</controlfield>
  <datafield tag="082" ind1=" " ind2=" ">
    <subfield code="a">352.12520912</subfield>
    <subfield code="b">KEN</subfield>
  </datafield>
  <datafield tag="100" ind1=" " ind2=" ">
    <subfield code="c">GOK</subfield>
  </datafield>
  <datafield tag="245" ind1=" " ind2=" ">
    <subfield code="a">2007/2008 District Allocation Budget of the Ministry of state, Provisional Administration and Internal Security for the Year Ending 30th June, 2008</subfield>
    <subfield code="b">Vote R01 and D01</subfield>
    <subfield code="c">Office of the president</subfield>
  </datafield>
  <datafield tag="260" ind1=" " ind2=" ">
    <subfield code="a">Nairobi, Kenya</subfield>
    <subfield code="b">GOK</subfield>
    <subfield code="c">June 2008</subfield>
  </datafield>
  <datafield tag="300" ind1=" " ind2=" ">
    <subfield code="a">69p</subfield>
  </datafield>
  <datafield tag="942" ind1=" " ind2=" ">
    <subfield code="2">ddc</subfield>
    <subfield code="c">BK</subfield>
  </datafield>
  <datafield tag="999" ind1=" " ind2=" ">
    <subfield code="c">1006</subfield>
    <subfield code="d">1006</subfield>
  </datafield>
  <datafield tag="952" ind1=" " ind2=" ">
    <subfield code="0">0</subfield>
    <subfield code="1">0</subfield>
    <subfield code="2">ddc</subfield>
    <subfield code="4">0</subfield>
    <subfield code="7">0</subfield>
    <subfield code="a">001</subfield>
    <subfield code="b">001</subfield>
    <subfield code="d">2023-06-12</subfield>
    <subfield code="l">0</subfield>
    <subfield code="o">352.12520912 KEN</subfield>
    <subfield code="p">10015344</subfield>
    <subfield code="r">2023-06-12</subfield>
    <subfield code="w">2023-06-12</subfield>
    <subfield code="y">BK</subfield>
  </datafield>
</record>
